| 000 | 00340nam a22001457a 4500 | ||
|---|---|---|---|
| 003 | SGT | ||
| 020 | _a9788181913289 | ||
| 082 |
_a617.643 _bT16G |
||
| 100 | _aGowri Sankar S | ||
| 245 | _aText Book Of Orthodontics | ||
| 260 |
_aNEW DELHI _b Paras Medical Publisher _c2016 |
||
| 300 | _a788 | ||
| 650 | _aOrthodontics | ||
| 942 |
_2ddc _cBK _061 |
||
| 999 |
_c15547 _d15547 |
||